000 00346nam a2200121 i 4500
001 bg
245 0 _aMeżdunarodnaja ... Naucnaja Konferencija ... po teme "Podgotovka i Povysenie Kvalifikacii Rukovoljascich kadrov".
260 _aWarszawa,
_c1979.
040 _cBPK
041 _apol
942 _cKS
008 s pl f |000 0 pol
999 _c18299
_d18299
856 _uhttp://koha.tu.koszalin.pl/cgi-bin/koha/opac-detail.pl?biblionumber=18299
_yKatalog online BPK